Código de procedimiento administrativo y contencioso
ISBN:
84-8126-029-0
Descripción Física:
767 p. ; 17 cm
Materias:
Procediment administratiu -- Espanya
MARC
| LEADER | 00000nam a2200000Ia 4500 | ||
|---|---|---|---|
| 001 | 20061 | ||
| 008 | 160829s1993 xx 000 0 cat d | ||
| 020 | |a 84-8126-029-0 | ||
| 080 | |a D-4-5 | ||
| 100 | |a Espanya. Lleis, etc. |9 23269 | ||
| 245 | |a Código de procedimiento administrativo y contencioso | ||
| 260 | |a Madrid : |b Actualidad Administrativa, |c 1993 | ||
| 300 | |a 767 p. ; |c 17 cm | ||
| 650 | 0 | |a Procediment administratiu |z Espanya |9 19587 | |
| 901 | |a Arxiu | ||
| 942 | |n 1 | ||
| 952 | |0 1 |1 0 |2 udc |4 0 |5 2 |6 D45 |7 1 |9 52457 |a Arxiu |b Arxiu |d 2016-12-01 |l 0 |o D-4-5 |p 20061 |r 2016-12-01 00:00:00 |w 2016-12-01 |y ARXIU | ||
| 999 | |c 56305 |d 56305 | ||